Snake nice

Uloženo v:
Podrobná bibliografie
Médium: Kniha
Tagy: Přidat tag
Žádné tagy, Buďte první, kdo otaguje tento záznam!
Thư viện lưu trữ: Mạng thư viện Đại học Đà Nẵng
LEADER 00389nam a22001691a 4500
001 000040574
003 16869
005 20160412023237.0
008 160412s0 000
082 |a A23109 
245 |a Snake nice  |c Anderson 
OWN |a LNN 
999 |a From the UDN01 
TYP |a Monograph 
980 |a Mạng thư viện Đại học Đà Nẵng